000
00331nam a2200145Ia 4500
008
200615s9999||||xx |||||||||||||| ||und||
020
_a
9788177583168
082
_a
650
_b
ELE-K
100
_a
KALAKOTA RAVI
245
0
_a
ELECTRONIC COMMERCE
250
_a
1ST
260
_a
New Delhi
_b
PEARSON
_c
2018
300
_a
429
942
_c
BK
999
_c
26821
_d
26821